5 Największych miast na Balearach - Statystyki

Ogólne statystyki
  • Ten quiz został rozwiązany 13 razy
  • Średni wynik to 2 z 5
Statystyki odpowiedzi
Populacja Miasto % Poprawnych
424,837 Palma De Mallorca/Palma
100%
50,566 Ibiza/Eivissa
67%
44,878 Manacor
17%
51,831 Calvia
0%
40,413 Santa Eularia des Riu
0%
Nie znaleziono quizów pasujących do podanych kryteriów
Rozkład punktacji
Procent ludzi z każdym wynikiem
Percentyl według liczby udzielonych odpowiedzi
Twoja historia wyników
Nie rozwiązałeś tego quizu